Langues de Wikipedia - Statistiques

Statistiques générales
  • Ce quiz a été pris 109 fois
  • Le résultat moyen est 38 sur 80
Statistiques - réponses
Utilisateurs Langue % Correct
4.25 m Français
99%
42.7 m Anglais
98%
1.15 m Anglais Simple
98%
6.40 m Espagnol
96%
3.82 m Allemand
94%
2.18 m Arabe
91%
168 k Arabe Égyptien
91%
2.19 m Italien
89%
1.87 m Japonais
89%
3.08 m Russe
89%
2.68 m Portugais
88%
3.16 m Mandarin
78%
346 k Grec
77%
1.18 m Néerlandais
77%
799 k Suédois
77%
712 k Coréen
76%
538 k Norvégien (Bokmål)
74%
116 k Norvégien (Nynorsk)
73%
91.2 k Chinois Classique
71%
1.14 m Polonais
69%
1.35 m Turc
69%
586 k Ukrainien
69%
296 k Serbe
65%
570 k Roumain
63%
414 k Thaï
63%
265 k Croate
59%
418 k Danois
59%
167 k Serbo-Croate
59%
102 k Letton
56%
298 k Bulgare
55%
665 k Hindi
55%
490 k Hongrois
54%
211 k Slovaque
54%
557 k Tchèque
52%
159 k Estonien
51%
839 k Vietnamien
51%
150 k Latin
49%
497 k Finnois
47%
1.29 m Indonésien
47%
82.5 k Islandais
47%
1.08 m Persan
47%
206 k Slovène
47%
926 k Hébreu
46%
159 k Lituanien
46%
137 k Albanais
45%
73.8 k Mongol
41%
116 k Arménien
40%
112 k Biélorusse
38%
72.0 k Biélorusse (Taraškievica)
38%
136 k Géorgien
37%
285 k Malais
37%
98.3 k Macédonien
34%
118 k Tagalog
34%
230 k Cantonais
32%
138 k Bosnien
29%
130 k Basque
28%
354 k Bengali
27%
114 k Kazakh
27%
236 k Azéri
26%
404 k Catalan
26%
66.9 k Ouzbek
25%
96.8 k Birman
24%
143 k Afrikaans
22%
66.5 k Breton
22%
87.5 k Alémanique
21%
198 k Tamoul
21%
138 k Ourdou
20%
190 k Espéranto
15%
121 k Galicien
9%
69.7 k Gallois
9%
138 k Marathi
8%
74.9 k Wu
8%
71.9 k Kannada
7%
109 k Télougou
7%
65.3 k Gujarati
6%
84.9 k Cebuano
4%
156 k Malayalam
3%
88.5 k Scots
3%
115 k Anglo-Saxon
2%
96.9 k Asturien
1%
Aucun quiz correspondant
Distribution des résultats
% des personnes avec chaque résultat
Percentile par nombre de réponses
Votre historique - résultats
Vous n’avez pas pris ce quiz